00627nam a2200157Ia 450000500170000000800410001702000180005810000360007624500590011226000330017130000140020465000270021894200070024599900190025295201980027120250318144536.0231217s9999 xx 000 0 und d a9788174466624 aKumar Raj, K. Rao, Pandu Ranga. 0aIndian automobile industry : prospects and retrospects c2008bExcel BooksaNew Delhi axviii+234 aautomobile,retrospects cAA c183468d183468 r2024-01-26 00:00:00l0p54802W20v396.00w2024-01-26yAA1040708MBA00K0910/0373L26/01/2013aMLbMLcMBAd2009-07-22eSurya Infotainment Products Pvt. Ltd.g495.00EMBAGRSF1V99URupees